"M" Countries - World Map Sudden Death - Statistics

General Stats
  • This quiz has been taken 208 times
  • The average score is 10 of 15
Answers on the Grid
Answers color-coded by a green-red scale on the quiz's grid according to % correct below.
 
Answer Stats
Answer % Correct
Morocco, Monaco
94%
Malawi, Mozambique, Madagascar
83%
Mauritania, Mali, Morocco
79%
Mali, Mauritania
79%
Mexico
76%
Mexico
76%
Myanmar, Malaysia, Maldives
76%
Morocco, Mauritania
73%
Myanmar, Mongolia
73%
Mongolia
59%
Malaysia
58%
Mexico
56%
Mongolia
53%
Marshall Islands
44%
Mozambique
30%
No matching quizzes found
Score Distribution
Percent of People with Each Score
Percentile by Number Answered
Your Score History
You have not taken this quiz